Management in higher education /

Uloženo v:
Podrobná bibliografie
Hlavní autor: Hungate, Thad Lewis, 1898-
Médium: Kniha
Jazyk:English
Vydáno: New York : Bureau of Publications, Teachers College, Colombia University, 1964.
Témata:
LEADER 00908nam a2200229 a 4500
001 c000364212
003 CARM
005 00000000000000.0
008 851113s1964 nyu 00000 eng d
019 1 |a 54029343  |z 4155373  |5 LACONCORD2021 
035 |a (OCoLC)185908  |5 LACONCORD2021 
050 0 0 |a LB2342  |b H82 
100 1 |a Hungate, Thad Lewis,  |d 1898-. 
245 1 0 |a Management in higher education /  |c [by] Thad L. Hungate. 
260 |a New York :  |b Bureau of Publications, Teachers College, Colombia University,  |c 1964. 
300 |a xii, 348 p. ;  |c 24 cm. 
504 |a Bibliography: p. 331-338. 
650 0 |a Universities and colleges  |x Business management. 
852 8 |b CARM  |h A1:AM06F0  |i B09267  |p 0426160  |f BK 
082 0 4 |a 378.1 
999 f f |i 68b1e924-30df-5d8e-addf-df2187f326d7  |s e90ef549-a576-5cd8-ad9c-9ad2e68b4bf3 
952 f f |p Can circulate  |a CAVAL  |b CAVAL  |c CAVAL  |d CARM 1 Store  |e B09267  |f A1:AM06F0  |h Other scheme  |i book  |m 0426160